000 00638nam a2200241Ia 4500
003 OSt
005 20220912150838.0
006 a|||||r|||| 00| 0
007 ta
008 220909b |||||||| |||| 00| 0 eng d
024 _a46915
037 _cTextual
040 _aCSL
_beng
_cCSL
041 _aeng
082 _aE:24:(c216), L5
100 _aElwell D
245 0 _aCrystal Growth from Hing- Temperature Solutions
260 _aLondon
_bAcademic Press
_c1975
300 _axi,634p.
_ccm.
700 _a Scheel H J
942 _hE:24:(c216), L5
_cTEXL
_2CC
999 _c56091
_d56091